000 00364nam a2200145Ia 4500
008 240624s9999 xx 000 0 und d
041 _aeng
082 _a658.8 TAD
100 _aTADAJEWSKI MARK
245 _aNEW DIRECTIONS IN CRITICAL MARKETING STU
260 _c2013
_aLondon
_bSage
300 _axlii, : 406 : p. : cm. ; 24
365 _cGBP
_b50
440 _v1
999 _c27284
_d27284